2012 annual energy statement (Record no. 114772)

MARC details
000 -LEADER
fixed length control field 01076cad a22001935a 4500
001 - CONTROL NUMBER
control field L157434
008 - FIXED-LENGTH DATA ELEMENTS--GENERAL INFORMATION
fixed length control field 111125e2012 xxk 000 0 eng d
035 ## - SYSTEM CONTROL NUMBER
System control number (Sirsi) u157434
041 0# - LANGUAGE CODE
Language code of text/sound track or separate title eng
110 2# - MAIN ENTRY--CORPORATE NAME
Corporate name or jurisdiction name as entry element United Kingdom
Subordinate unit Department of Energy and Climate Change
9 (RLIN) 5850
245 00 - TITLE STATEMENT
Title 2012 annual energy statement
Medium [electronic resource]
260 ## - PUBLICATION, DISTRIBUTION, ETC.
Place of publication, distribution, etc. London
Name of publisher, distributor, etc. DECC
Date of publication, distribution, etc. 2012
520 ## - SUMMARY, ETC.
Summary, etc. Annual Energy Statement delivered to Parliament on 29 November 2012. The 2012 statement sets out an overview on the progress the Government has made in implementing policy on energy and climate change over the past 12 months and provides the overarching narrative for various key publications on energy policy relating to electricity market reform, energy security strategy and energy efficiency strategy.
590 ## - LOCAL NOTE (RLIN)
Local note KA NTK
651 #4 - SUBJECT ADDED ENTRY--GEOGRAPHIC NAME
Geographic name United Kingdom
Chronological subdivision
690 ## - LOCAL SUBJECT ADDED ENTRY--TOPICAL TERM (OCLC, RLIN)
Topical term or geographic name as entry element Energy
9 (RLIN) 6237
856 40 - ELECTRONIC LOCATION AND ACCESS
Uniform Resource Identifier <a href="https://www.decc.gov.uk/assets/decc/11/meeting-energy-demand/annual-energy-statement/7086-annual-energy-statement-2012.pdf">https://www.decc.gov.uk/assets/decc/11/meeting-energy-demand/annual-energy-statement/7086-annual-energy-statement-2012.pdf</a>
Public note View the item free of charge at www.decc.gov.uk
942 ## - ADDED ENTRY ELEMENTS (KOHA)
Suppress in OPAC 0
Holdings
Withdrawn status Lost status Source of classification or shelving scheme Damaged status Not for loan Home library Current library Shelving location Date acquired Total Checkouts Full call number Barcode Date last seen Copy number Price effective from Koha item type
    Dewey Decimal Classification     London London Online 30/11/2012   ONLINE PUBLICATION 157434-1001 06/08/2019 1 06/08/2019 Book